Quizzes
Events
Quiz Creation
Community
Videos
Private Events
Remove Ads
Sign In
Join for FREE
Feedback
Dark Mode
Quiz Categories
Sports
Geography
Music
Movies
Television
Just For Fun
Miscellaneous
History
Literature
Language
Science
Gaming
Entertainment
Religion
Holiday
For Kids
Quiz Lab
Recent
Popular Today
Quiz Kudos Today
Editor Picks
Curator Picks
Quizzes by...
Day
Popularity
Type
Ratings
Length
Year
Community
Subscriptions
Recent Discussions
Orange Saloon
Badges
Playlists
Quests
Create
Leaderboards
Showdown
Live 5
Trivia Bingo
Activity
Puzzle Library
Sporcle Events
Private Events
Virtual Trivia
Globe League
Become a Host
Pub Owners
SporcleCon
Opinionation
Our Games
Videos
Blog
Mobile Apps
Partnerships
Remove Ads and Go Orange
Feedback
Sports
Athletes
MLB
NBA
NHL
NFL
Soccer
Sports Teams
WWE
NCAA
Football
Premier League
Basketball
Baseball
Hockey
Golf
Tennis
Cricket
Rugby
Auto Racing
Olympics
World Cup
Sports
Athletes
MLB
NBA
NHL
NFL
Soccer
Sports Teams
WWE
NCAA
Football
Premier League
Basketball
Baseball
Hockey
Golf
Tennis
Cricket
Rugby
Auto Racing
Olympics
World Cup
Random Quiz
Search Sporcle
×
Quiz Lab
Quiz Lab
Sports
Country
Type in answers that appear in a list
Type in answers that appear in a list
Classic
Best Score? Go Orange.
UCL 2018 Group B Squads Stats
Can You Name the UCL 2018 Group B Squads?
By
marcodorazi
15m
96 Questions
58 Plays
58 Plays
58 Plays
Comments
Comments
Give Quiz Kudos
Give Quiz Kudos
-
- Ratings
hide this ad
Replay
Link that replays current quiz
Next Quiz
Link to next quiz in quiz playlist
You Got
0%
They Got
Avg Score
47%
Avg Friend Score
Upgrade to see
Score Distribution
Jump to the score distribution portion of the page
Score
0/96
Timer
15:00
0
Plays Today
Hint
Player
% Correct
Barcelona
Marc-André ter Stegen
96.6%
Barcelona
Ivan Rakitić
93.1%
Barcelona
Denis Suárez
89.7%
Barcelona
Luis Suárez
89.7%
Barcelona
Lionel Messi
89.7%
Barcelona
Jasper Cillessen
87.9%
Barcelona
Gerard Piqué
87.9%
Barcelona
Jordi Alba
87.9%
Barcelona
Samuel Umtiti
87.9%
Barcelona
Ousmane Dembélé
84.5%
Tottenham
Hugo Lloris
84.5%
Tottenham
Harry Kane
84.5%
Tottenham
Mousa Dembélé
84.5%
Barcelona
Nélson Semedo
81%
Tottenham
Heung-Min Son
81%
Barcelona
Philippe Coutinho
79.3%
Barcelona
Sergio Busquets
79.3%
Tottenham
Christian Eriksen
79.3%
Barcelona
Arturo Vidal
77.6%
Barcelona
Sergi Roberto
75.9%
Tottenham
Kieran Trippier
75.9%
Tottenham
Jan Vertonghen
75.9%
Barcelona
Ernesto Valverde
74.1%
Tottenham
Toby Alderweireld
72.4%
Barcelona
Clément Lenglet
70.7%
Barcelona
Thomas Vermaelen
70.7%
Barcelona
Arthur
70.7%
Tottenham
Mauricio Pochettino
70.7%
Tottenham
Davinson Sánchez
70.7%
Inter
Samir Handanovič
70.7%
Inter
Mauro Icardi
70.7%
Tottenham
Eric Dier
67.2%
Hint
Player
% Correct
Tottenham
Lucas Moura
67.2%
Tottenham
Moussa Sissoko
63.8%
Tottenham
Dele Alli
63.8%
Inter
Ivan Perišić
63.8%
Tottenham
Serge Aurier
62.1%
Tottenham
Erik Lamela
62.1%
Tottenham
Fernando Llorente
60.3%
Inter
Marcelo Brozović
60.3%
Barcelona
Malcom
58.6%
Tottenham
Michel Vorm
58.6%
Tottenham
Ben Davies
58.6%
Tottenham
Victor Wanyama
58.6%
Tottenham
Danny Rose
56.9%
Tottenham
Harry Winks
56.9%
Inter
Milan Škriniar
55.2%
Inter
Stefan de Vrij
51.7%
Inter
Lautaro Martínez
48.3%
PSV Eindhoven
Hirving Lozano
48.3%
Inter
Kwadwo Asamoah
46.6%
Inter
Radja Nainggolan
46.6%
Barcelona
Rafinha
43.1%
Inter
Šime Vrsaljko
43.1%
Inter
Keita Baldé
43.1%
PSV Eindhoven
Jeroen Zoet
41.4%
Inter
João Miranda
39.7%
Inter
Matías Vecino
39.7%
Tottenham
Paulo Gazzaniga
36.2%
PSV Eindhoven
Luuk de Jong
36.2%
Inter
Borja Valero
31%
Inter
Antonio Candreva
31%
Inter
Danilo D'Ambrosio
29.3%
Inter
Andrea Ranocchia
27.6%
Hint
Player
% Correct
Inter
Matteo Politano
27.6%
PSV Eindhoven
Steven Bergwijn
24.1%
Inter
Luciano Spalletti
22.4%
Barcelona
Munir
20.7%
Inter
Daniele Padelli
20.7%
PSV Eindhoven
Denzel Dumfries
20.7%
PSV Eindhoven
Angeliño
19%
Inter
Tommaso Berni
17.2%
PSV Eindhoven
Eloy Room
17.2%
PSV Eindhoven
Nick Viergever
17.2%
PSV Eindhoven
Jorrit Hendrix
17.2%
PSV Eindhoven
Nicolas Isimat-Mirin
15.5%
PSV Eindhoven
Daniel Schwaab
15.5%
PSV Eindhoven
Gastón Pereiro
15.5%
PSV Eindhoven
Érick Gutiérrez
15.5%
Barcelona
Sergi Samper
13.8%
PSV Eindhoven
Aziz Behich
12.1%
PSV Eindhoven
Pablo Rosario
12.1%
PSV Eindhoven
Ryan Thomas
12.1%
PSV Eindhoven
Mark Van Bommel
10.3%
PSV Eindhoven
Trent Sainsbury
10.3%
PSV Eindhoven
Maximiliano Romero
10.3%
Inter
Raffaele Di Gennaro
8.6%
PSV Eindhoven
Mauro Júnior
8.6%
PSV Eindhoven
Bart Ramselaar
6.9%
PSV Eindhoven
Donyell Malen
6.9%
Barcelona
Jokin Ezkieta
3.4%
Barcelona
Jorge Cuenca
1.7%
PSV Eindhoven
Maxime Soulas
1.7%
PSV Eindhoven
Ramon-Pascal Lundqvist
1.7%
PSV Eindhoven
Marlon Frey
0%
PSV Eindhoven
Zakaria Aboukhlal
0%
Quiz Playlist
Details
Report
Send in Message
Add To Playlist
Classic:
Type in answers that appear in a list
Last Updated: Dec 1, 2018
Quiz Scoreboard
CHALLENGE
Sign Up to Join the Scoreboard
Show All
Scores
Hide
Comments
May contain spoilers
Recently Published
9x9 Crossword: Cartoon Network
by jackfrog10
Miscellaneous
3m
College Basketball Coaching Resumes
by pancakes188
Sports
9m
Billboard Blitz: Fleetwood Mac
by CooCooCachoo
Music
15s
More to Explore
Quiz From the Vault
Featured Blog Post
Where Did the Easter Bunny Come From?
hide this ad
You Might Also Like...
Tags
Country Quiz
2018
group
Player
position
Squad
ucl
Today's Top Quizzes in Sports
Browse Sports
hide this ad
Today's Top Quizzes in Country
Browse Country
Top Contributed Quizzes in Sports
1
2022 World Cup Stars
2
Les meilleurs buteurs des matchs entre le PSG et l’OM
3
FIFA Club World Cup Champions
4
Les entraîneurs de l'OM et du PSG au 21e siècle
5
Criteria MLB: Left Handed Sluggers
6
AFC Teams Reveal (Wrong Answers Minefield)
7
2023 MLB Unique Player Accomplishments
8
Players with Multiple 50 Home Run Seasons
9
5-to-1: FBS Animal Nicknames
10
5-to-1: UK Sports Teams
Explore More
Trending Topics
Disney
Kpop
Marvel
Anime
Harry Potter
NBA
Crossword
Soccer
NFL
Song
Pokémon
Puzzle
The Office
Country
WWE
hide this ad
More By:
marcodorazi
Quiz
Plays
Rating
Category
Featured
Created
Full Squad for the Top 6 Teams in Serie A 2018/2019
254
Sports
Nov 22, 2018
Greatest Soccer Derbies and Rivalries
177
2.50
Sports
Nov 27, 2018
Juventus Team Photo
164
5.00
Sports
Nov 21, 2018
Inter Milan Team Photo
162
5.00
Sports
Nov 21, 2018
Liverpool Champions League Final Team Photo
160
Sports
Nov 21, 2018
Go to Creator's Profile
Score Distribution
Quiz Creator Spotlight
marcodorazi
Follow
Send a Message
Quizzes Created
-
Created Quiz Play Count
-
More By This Creator
Popular Quizzes Today
1
Find the US States - No Outlines Minefield
2
Find the Countries of Europe - No Outlines Minefield
3
The Countries of the World
4
Find the US States
5
Risky Map Clicking: Biggest States A-Z
6
US States
7
Popular People in 1961
8
Movies - When Are They Set?
More Sports Quizzes
Washington Capitals Stanley Cup Finals Opponent
Quiz Lab
Trending Quizzes
Risky Map Clicking: Least Populous States A-Z
1-10 Letter G Words
1-10 Letter F Words
Risky Map Clicking: Next State Alphabetically
Adjectives in 80s TV Shows
Recently Updated
Leaping Animals
pecheneg
Reality TV Shows (A-Z)
bhenderson79
Rickey Henderson's Hall of Fame Teammates
pecheneg
Champions League XIs: Arsenal
pecheneg
Quick Pick: Celebrities in WWE's Hall of Fame
aduchscher
A-Z Keypad Blitz II
pecheneg
Multiple Oscar Actors
pecheneg
Mystery Phrase Blitz: Oscar 'Best Actors'
pecheneg
F. Scott Fitzgerald Novels
LTH
Pick 3 Villains
ddd62291
Trending Topics
Harry Potter
NBA
Marvel
Anime
Crossword
Disney
Kpop
NFL
Country
Pokémon
Puzzle
Song
The Office
WWE
Soccer
Your Account Isn't Verified!
In order to create a playlist on Sporcle, you need to verify the email address you used during registration. Go to your
Sporcle Settings
to finish the process.
Report this User
Report this user for behavior that violates our
Community Guidelines
.
Details:
Send Report
Go to the Sporcle.com Mobile Site →
Comments